| 000 | 00000nam##2200000za#4500 |
| 001 | 9.700123 |
| 003 | CaOODSP |
| 005 | 20210625000707 |
| 007 | cr ||||||||||| |
| 008 | 150407|2009||||xxc|||||o f|0| 0 eng|d |
| 040 | |aCaOODSP|beng |
| 043 | |an-cn--- |
| 086 | 1 |aV32-160/2009E-PDF |
| 110 | 1 |aCanada. |bVeterans Affairs Canada. |
| 245 | 10|aVeterans Affairs Canada five-year strategic plan, 2009-2014 |h[electronic resource] |
| 260 | |aCharlottetown - Prince Edward Island : |bVeterans Affairs Canada |c[2009?]. |
| 300 | |a18p.|bcoloured figs., photographs |
| 590 | |a15-01-Supp|b2015-01-26 |
| 775 | 08|tAnciens Combattants Canada, plan stratégique quinquennal 2009-2014 |w(CaOODSP)9.644114 |
| 856 | 40|ahttp://publications.gc.ca|qPDF|s197 KB|uhttps://publications.gc.ca/collections/collection_2014/acc-vac/V32-160-2009-eng.pdf |